Five Stages of Grief - Sudden Death - Statistics

General Stats
  • This quiz has been taken 1,434 times
    434 since last reset
  • The average score is 5 of 6
Answers on the Grid
Answers color-coded by a green-red scale on the quiz's grid according to % correct below.
*Free Answer*
Acceptance
Accrimony
Anger
Animosity
Annoyance
Bargaining
Crying
Defenestration
Denial
Depression
Drinking
Hopelessness
Indulgence
Pettiness
Revenge
 
Answer Stats
Answer % Correct
Denial
93%
Acceptance
92%
Anger
92%
Bargaining
72%
*Free Answer*
71%
Depression
71%
No matching quizzes found
Score Distribution
Percent of People with Each Score
Percentile by Number Answered
Your Score History
You have not taken this quiz since the last reset